| 000 | 01039nam a2200325 i 4500 | ||
|---|---|---|---|
| 001 | bg | ||
| 003 | BPK | ||
| 005 | 20230223103645.0 | ||
| 008 | 981103s1986 pl a f |000 0 pol | ||
| 015 | _aPB 1986/8196 | ||
| 020 | _a8321333079 | ||
| 040 |
_aWA N _cBPK |
||
| 041 | 0 | _apol | |
| 080 | _a666.9 | ||
| 100 | 1 | _aSobierańska, Anna. | |
| 245 | 1 | 0 |
_aProdukcja mieszanek betonowych / _cAnna Sobierańska, Wiesław Szudrowicz. |
| 260 |
_aWarszawa : _b"Arkady", _c1986. |
||
| 300 |
_a106, [2] s. : _bfot., rys., wykr. ; _c21 cm. |
||
| 336 |
_2rdacontent _aTekst _btxt |
||
| 337 |
_2rdamedia _aBez urządzenia pośredniczącego _bn |
||
| 338 |
_2rdacarrier _aWolumin _bnc |
||
| 504 | _aBibliogr. s. 105-106. | ||
| 650 | 4 | _aBeton | |
| 650 | 4 | _aTechnologia | |
| 658 | _aArchitektura i budownictwo | ||
| 700 | 1 | _aSzudrowicz, Wiesław. | |
| 710 | 2 |
_aWydawnictwo "Arkady". _4pbl. |
|
| 856 |
_uhttp://koha.tu.koszalin.pl/cgi-bin/koha/opac-detail.pl?biblionumber=3084 _yKatalog online BPK |
||
| 942 |
_2UKD _cKS |
||
| 999 |
_c3084 _d3084 |
||